[Event "Sosnivka Christmas op"]
[Site "Sosnivka"]
[Date "2023.01.15"]
[Round "5"]
[White "Tsikh, Vladyslav"]
[Black "Thir, Igor"]
[Result "1-0"]
[WhiteElo "1245"]
[BlackElo "1613"]
[PlyCount "81"]
[EventDate "2023.01.13"]
[EventType "swiss"]
[EventRounds "9"]
[EventCountry "UKR"]
[SourceTitle "EXT 2024"]
[Source "ChessBase"]
[SourceDate "2023.10.10"]
[SourceVersion "1"]
[SourceVersionDate "2023.10.10"]
[SourceQuality "1"]

1. e4 e5 2. Nc3 Nf6 3. f4 d6 4. Nf3 Nc6 5. Bc4 Be7 6. 0-0 0-0 7. d3 a6 8. Bb3 Rb8 9. Be3 Na5 10. fxe5 dxe5 11. Nxe5 Nxb3 12. axb3 Be6 13. Nf3 Qd7 14. Qe2 Ng4 15. d4 Nxe3 16. Qxe3 Rbe8 17. Qf2 Bg4 18. Ne5 Qc8 19. Qg3 Bh5 20. Nd5 Bd8 21. Nc3 Qe6 22. Nf3 Qb6 23. Rad1 Qg6 24. Qxg6 Bxg6 25. Rfe1 c6 26. Ne5 Re7 27. Nxg6 hxg6 28. e5 Bb6 29. Na4 Ba7 30. c4 Rd8 31. c5 Red7 32. Re4 Kf8 33. Kf2 f5 34. Rh4 Kf7 35. Ke3 g5 36. Rh3 Kg6 37. Rf3 Rd5 38. Nc3 R5d7 39. Ne2 Bxc5 40. h4 g4 41. Nf4+ 1-0